Teología de los signos de los tiempos Latinoamericanos: horizontes, criterios y métodos

সংরক্ষণ করুন:
গ্রন্থ-পঞ্জীর বিবরন
প্রধান লেখক: Azcuy, Virginia Raquel (autora), Schickendantz, Carlos (Author), Silva, Eduardo (Author)
বিন্যাস: গ্রন্থ
ভাষা:স্প্যানিশ
প্রকাশিত: Santiago Ediciones Universidad Alberto Hurtado 2013
Santiago Centro Teológico Manuel Larraín 2013
সংস্করন:1a. ed
মালা:Colección Teología de los Tiempos, 11
বিষয়গুলি:
ট্যাগগুলো: ট্যাগ যুক্ত করুন
কোনো ট্যাগ নেই, প্রথমজন হিসাবে ট্যাগ করুন!

MARC

LEADER 00000cam a2200000 a 4500
001 UCD0570
003 CL-VaPUC
008 151204e20130500cl |||||||||||||||||spa|d
020 |a 9789569320156 
082 0 4 |a 261.1  |b AZC  |2 21 
100 |a Azcuy, Virginia Raquel  |e autora  |9 583525 
700 0 |a Schickendantz, Carlos  |e author  |9 583526 
700 0 |a Silva, Eduardo  |e author  |9 583527 
245 1 0 |a Teología de los signos de los tiempos Latinoamericanos: horizontes, criterios y métodos 
250 |a 1a. ed 
300 |a 427 p 
942 |c BK 
945 |d 20151204 12:43:00  |a arojas 
260 |a Santiago  |b Ediciones Universidad Alberto Hurtado  |c 2013 
260 |a Santiago  |b Centro Teológico Manuel Larraín  |c 2013 
650 0 |a Teología social  |9 326726 
650 7 |a TEOLOGIA LATINOAMERICANA  |2 CL-VaPUC  |9 401864 
650 0 |a Doctrina social de la iglesia  |9 257333 
583 |a last modification  |c 20151204 12:43:00  |k Rodrigo Vera 
490 0 |a Colección Teología de los Tiempos, 11 
999 |c 362042  |d 362040 
952 |0 0  |1 0  |3 erb  |4 0  |6 261_100000000000000_AZC_2013_2013  |7 0  |8 A  |9 472902  |a BIBTEO  |b BIBTEO  |i 5253977  |o 261.1 AZC 2013 2013  |p 5253977  |r 2025-01-17  |w 2019-11-24  |y BK  |z Catalogado en:20151204  |k ICR